Geography Quiz

Random Geography or State Quiz

U.S. National Parks Quiz Stats

 Plays Quiz not verified by Sporcle

Support Sporcle.
Go Orange.
Score 0/57 Timer 15:00
0 Plays Today
State Park % Correct
CaliforniaYosemite
95.3%
Wyoming, Idaho, MontanaYellowstone
94.1%
ArizonaGrand Canyon
89.4%
FloridaEverglades
88.2%
MaineAcadia
84.7%
ColoradoRocky Mountain
82.4%
South DakotaBadlands
81.2%
AlaskaDenali
77.6%
Tennessee, North CarolinaGreat Smoky Mountains
76.5%
UtahZion
76.5%
UtahBryce Canyon
72.9%
CaliforniaRedwood
72.9%
UtahArches
70.6%
CaliforniaDeath Valley
69.4%
MontanaGlacier
68.2%
WyomingGrand Teton
68.2%
TexasBig Bend
67.1%
CaliforniaSequoia
67.1%
UtahCanyonlands
64.7%
OregonCrater Lake
64.7%
WashingtonOlympic
63.5%
CaliforniaJoshua Tree
62.4%
KentuckyMammoth Cave
62.4%
ColoradoMesa Verde
61.2%
New MexicoCarlsbad Caverns
60%
WashingtonMount Rainier
57.6%
ArizonaPetrified Forest
57.6%
VirginiaShenandoah
56.5%
ArkansasHot Springs
55.3%
State Park % Correct
MichiganIsle Royale
55.3%
CaliforniaKings Canyon
55.3%
North DakotaTheodore Roosevelt
52.9%
ColoradoBlack Canyon of the Gunnison
51.8%
HawaiiHawaii Volcanoes
51.8%
TexasGuadalupe Mountains
50.6%
ArizonaSaguaro
50.6%
UtahCapitol Reef
49.4%
OhioCuyahoga Valley
49.4%
ColoradoGreat Sand Dunes
48.2%
FloridaBiscayne
47.1%
FloridaDry Tortugas
47.1%
NevadaGreat Basin
47.1%
South DakotaWind Cave
47.1%
WashingtonNorth Cascades
45.9%
AlaskaGates of the Arctic
44.7%
HawaiiHaleakala
44.7%
AlaskaKatmai
44.7%
AlaskaKenai Fjords
44.7%
CaliforiniaChannel Islands
43.5%
CaliforniaLassen Volcanic
43.5%
U.S. Virgin IslandsVirgin Islands
43.5%
MinnesotaVoyageurs
43.5%
AlaskaGlacier Bay
42.4%
AlaskaWrangell-St. Elias
41.2%
South CarolinaCongaree
38.8%
AlaskaLake Clark
38.8%
AlaskaKobuk Valley
37.6%

You're not logged in!

Compare scores with friends on all Sporcle quizzes.
OR
Log In

From the Vault

Erase the USA by Capital (No Outlines)

by goc3

We really shouldn't have used a pen here.
Remove Ads.
Support Sporcle.
Get the best of Sporcle when you Go Orange. This ad-free experience offers more features, more stats, and more fun while also helping to support Sporcle. Thank you for becoming a member.

Show Comments

Extras

Top Quizzes Today


Score Distribution

Your Account Isn't Verified!

In order to create a playlist on Sporcle, you need to verify the email address you used during registration. Go to your Sporcle Settings to finish the process.

Report this User

Report this user for behavior that violates our Community Guidelines.

Details: